U.S. General Knowledge by letter - F - Statistics

General Stats
  • This quiz has been taken 195 times
    120 since last reset
  • The average score is 11 of 16
Answer Stats
Hint Answer % Correct
U.S. State Florida
100%
Sport that is played in the NFL Football
98%
2nd most commonly spoken language in Louisiana French
97%
Founding father that was a writer, scientist, politician and more Benjamin Franklin
84%
U.S President from 1974-1977 Gerald Ford
79%
Biggest city in the Dallas urban area Fort Worth
76%
Atlanta NFL team Falcons
75%
Capital of Kentucky Frankfort
75%
Biggest City in North Dakota Fargo
71%
City in Michigan that is also something used to light fires Flint
71%
City in California near Yosemite national park Fresno
65%
City in Arizona next to the Grand Canyon Flagstaff
53%
Miami suburb with a busy airport Fort Lauderdale
48%
2nd biggest city in Indiana Fort Wayne
45%
Major City in North Carolina Fayetteville
35%
2nd Biggest City in Arkansas Fort Smith
30%
No matching quizzes found
Score Distribution
Percent of People with Each Score
Percentile by Number Answered
Your Score History
You have not taken this quiz since the last reset